[Event "Ibiza-chT 38th"]
[Site "Ibiza"]
[Date "2016.03.14"]
[Round "2.1"]
[White "Sanchez Martinez, Pablo"]
[Black "Quero Forero, Justino"]
[Result "0-1"]
[WhiteElo "1894"]
[BlackElo "2021"]
[PlyCount "68"]
[EventDate "2016.03.13"]
[EventType "team-tourn"]
[EventRounds "5"]
[EventCountry "ESP"]
[SourceTitle "EXT 2024"]
[Source "ChessBase"]
[SourceDate "2023.10.10"]
[SourceVersion "1"]
[SourceVersionDate "2023.10.10"]
[SourceQuality "1"]
[WhiteTeam "Pena Deportiva Santa Eulalia"]
[BlackTeam "Yebisah"]
[WhiteTeamCountry "ESP"]
[BlackTeamCountry "ESP"]

1. Nf3 Nf6 2. g3 g6 3. Bg2 Bg7 4. 0-0 0-0 5. d4 d6 6. c4 Nc6 7. Nc3 e5 8. h3 exd4 9. Nxd4 Nxd4 10. Qxd4 Nd7 11. Qd2 Nc5 12. b3 a5 13. Bb2 Be6 14. Rad1 Re8 15. Rfe1 Rb8 16. Nb5 Qd7 17. Bxg7 Kxg7 18. Qxa5 Rec8 19. Qc3+ f6 20. h4 Re8 21. b4 Na4 22. Qc2 Nb6 23. Na3 Ra8 24. c5 Rxa3 25. cxb6 c6 26. Qd2 Rxa2 27. Qxd6 Qxd6 28. Rxd6 Rb2 29. Rd4 Ra8 30. Re4 Kf7 31. Rd1 Ra6 32. Rd6 Bf5 33. Red4 Rxb6 34. e4 Be6 0-1

[Event "Baleares-chT"]
[Site "Ibiza"]
[Date "2012.06.12"]
[Round "5.3"]
[White "Pons Carreras, David"]
[Black "Quero Forero, Justino"]
[Result "1-0"]
[WhiteElo "2323"]
[BlackElo "2023"]
[PlyCount "39"]
[EventDate "2012.05.10"]
[EventType "team-swiss"]
[EventRounds "5"]
[EventCountry "ESP"]
[SourceTitle "EXT 2014"]
[Source "ChessBase"]
[SourceDate "2013.11.20"]
[SourceVersion "1"]
[SourceVersionDate "2013.11.20"]
[SourceQuality "1"]

1. d4 Nf6 2. Nf3 e6 3. c4 d5 4. Nc3 c5 5. e3 Nc6 6. Bd3 Be7 7. 0-0 0-0 8. a3 dxc4 9. Bxc4 cxd4 10. exd4 Nd5 11. Qd3 Nxc3 12. bxc3 b6 13. Qe4 Bb7 14. Bd3 g6 15. Bh6 Re8 16. Bb5 Na5 17. Qf4 Bd6 18. Ne5 Bxe5 19. dxe5 f5 20. exf6 1-0